OL - Choix Multiples - Statistiques

Statistiques générales
  • Ce quiz a été pris 47 fois
  • Le résultat moyen est 10 sur 15
Statistiques - réponses
Question Réponse % Correct
De quelle ville parle-t-on lorsque l'on évoque l'OL ? Lyon
100%
Comment se nomme leur stade ? Groupama Stadium
93%
Quel personnalité du club est resté président du club durant près de 36 ans ? Jean-Michel Aulas
93%
Quel est le surnom de l'équipe ? Les Gones
93%
Quelle est la seule joueuse à ce jour à avoir gagné le Ballon d'Or pour l'OL ? Ada Hegerberg
91%
Quel est l'équipementier officiel du club depuis 2010 ? Adidas
80%
Qui est la joueuse la plus capée de la section féminine ? Wendie Renard
73%
Quelle est son année de fondation ? 1950
68%
Quel champion du monde né dans le département du Rhône à créer une association en 2023 afin de venir en aide aux personnes en situation de handicap ? Corentin Tolisso
55%
Parmi les joueurs emblématiques suivants, lequel n'a pas été formé à l'OL ? Grégory Coupet
52%
Quel joueur a joué le plus de match pour l'OL ? Serge Chiesa
45%
En quelle année, le club est monté en Ligue 1 sans jamais y redescendre ? 1989
43%
En quelle année fut créée la section féminine les OL Lyonnes ? 2004
32%
Combien de Championnat de France consécutifs, l'OL a-t-il gagné en cumulant les sections féminine et masculine ? 21
27%
Quel logo a figuré plus longtemps que les autres (24 ans) ?
18%
Aucun quiz correspondant
Distribution des résultats
% des personnes avec chaque résultat
Percentile par nombre de réponses
Votre historique - résultats
Vous n’avez pas pris ce quiz